000 00339nam a2200145Ia 4500
008 151018s9999 xx 000 0 und d
082 _bRBASDV19695
_a891.463
245 _aकोहरा
250 _b1
260 _bशकून
_c1984
300 _a192
630 _aकोहरा
730 _aकोहरा
942 _cBOOK
999 _c1020323
_d1020320